000 01363ncm0a2200361 4500
001 RU\NLR\ONIZ\223535
005 20250626112429.0
013 _a979-0-706437-25-5
021 _aRU
_b18-122
_918-НО-П-9
035 _a(NLR Aleph) 011694613
090 _a11356933
_c11356933
100 _a20180504d2018 |||y0rusy50 ca
101 0 _arus
102 _aRU
125 _aax
200 1 _aСовременная музыка для классической гитары
_bНоты
_fИ. А. Гатилов
210 _aМосква
_cКомпозитор
_d2018
215 _a16 с.
_d29 см
327 1 _a1-4. Этюды № 1, 4, 7, 8; 5. Toccata; 6. Drive; 7. Overdrive
606 1 _aГитара классическая
_xЭтюды
_2nlr_sh
606 1 _aМузыка для шестиструнной гитары
_yРоссия
_z20-21 вв.
_2nlr_sh
686 _aЩ956.41я44(2Р)
_vLBC/SL
_2rubbk
700 1 _9z02790
_aГатилов
_bИ. А.
_gИгорь Адольфович
_4230
_7ca
790 1 _9z02700
_aGatilov
_bI.
_gIgor`
_4230
_7ba
801 0 _aRU
_bNLR
_c20180504
_gPSBO
801 1 _aRU
_bNLR
_c20180504
_2rusmarc
801 2 _aRU
_bNLR
_c20190630
852 _aNLR
_bМ
_jК-3/29488
_pМОЭ 2018-НО-П-9/122
_t1
852 _aNLR
_bМ
_jК-3/29488а
_pМОЭ 2018-НО-П-9/122а
_t2
942 _cSCORE
980 _aNB
980 _aONIZ